Understandind rheology

Αποθηκεύτηκε σε:
Λεπτομέρειες βιβλιογραφικής εγγραφής
Κύριος συγγραφέας: Morrison, Faith A.
Μορφή: Βιβλίο
Γλώσσα:English
Δημοσίευση: New York : Oxford University Press, 2001
Σειρά:Topics in chemical engineering
Θέματα:
Ετικέτες: Προσθήκη ετικέτας
Δεν υπάρχουν, Καταχωρήστε ετικέτα πρώτοι!

MARC

LEADER 00000nam a2200000 i 4500
001 1/54040
008 070905s2001 eng d
020 |a 978-0-19-514166-5 
020 |a 0-19-514166-0 
035 |l 10090459 
040 |a GR-MY-UA  |b gre  |e aacr 
041 0 |a eng 
082 0 |a 531.1134  |2 (22) 
100 1 |a Morrison, Faith A. 
245 1 0 |a Understandind rheology /  |c Faith A. Morrison 
260 |a New York :   |b Oxford University Press,   |c 2001 
300 |a xiii, 545 σ.;  |b εικ.;  |c 25 εκ. 
490 1 |a Topics in chemical engineering 
504 |a Περιλαμβάνει βιβλιογραφικές παραπομπές (σ. 523-537) και ευρετήριο. 
650 0 0 |a Rheology. 
830 0 |a Topics in chemical engineering 
852 |a INST  |b SAMOS  |e 20070905  |h 531.1134 MOR  |p 005300028292  |q 005300028292  |t BK  |y 0 
852 |a INST  |b SAMOS  |e 20130527  |h 531.1134 MOR  |p 005300040101  |q 005300040101  |t BK  |y 0 
901 |a BIBL3-2013-2 
901 |a BIBL3-2007-3 
909 |a Σ  |b 178310 
909 |a Σ  |b 138924 
922 |a 3ΕΛΗ  |b 201212  |c ΤΜΗΜΑ ΜΑΘΗΜΑΤΙΚΩΝ/ΜΕΤΑΠΤΥΧΙΑΚΟ  |d ΔΙΑΔΡΟΜΕΣ/ΔΡΕΣ 
922 |a 3ΕΛΗ  |b 200708  |c ΕΠΕΑΕΚ2/ΤΜΗΜΑ ΜΑΘΗΜΑΤΙΚΩΝ  |d ΕΛΕΥΘΕΡΟΥΔΑΚΗΣ 
970 |a ΣΙΤΖΙΜΗ  |b ΓΙΑΣΕΜΗ  |z 2007/09/05